Quizzes
Events
Quiz Creation
Community
Videos
Private Events
Remove Ads
Sign In
Join for FREE
Feedback
Dark Mode
Quiz Categories
Sports
Geography
Music
Movies
Television
Just For Fun
Miscellaneous
History
Literature
Language
Science
Gaming
Entertainment
Religion
Holiday
For Kids
Quiz Lab
Recent
Popular Today
Quiz Kudos Today
Editor Picks
Curator Picks
Quizzes by...
Day
Popularity
Type
Ratings
Length
Year
Community
Subscriptions
Recent Discussions
Orange Saloon
Badges
Playlists
Quests
Create
Leaderboards
Showdown
Live 5
Trivia Bingo
Activity
Puzzle Library
Sporcle Events
Private Events
Virtual Trivia
Globe League
Become a Host
Pub Owners
SporcleCon
Opinionation
Our Games
Videos
Blog
Mobile Apps
Partnerships
Remove Ads and Go Orange
Feedback
Holiday
Halloween
Christmas
Holiday Songs
April Fools'
Thanksgiving
Valentine's Day
Easter
St Patrick's Day
National Holiday
Religious Holiday
Holiday
Halloween
Christmas
Holiday Songs
April Fools'
Thanksgiving
Valentine's Day
Easter
St Patrick's Day
National Holiday
Religious Holiday
Random Quiz
Search Sporcle
×
Quiz Lab
Quiz Lab
Holiday
The Simpsons
Type answers based on single images at one time
Type answers based on single images at one time
Slideshow
Best Score? Go Orange.
Imaginary Holidays Stats
Can you name the various media featuring these imaginary holidays?
By
Exodiafinder687
10m
13 Questions
690 Plays
690 Plays
690 Plays
Comments
Comments
Give Quiz Kudos
Give Quiz Kudos
-
- Ratings
hide this ad
More Info
Replay
Link that replays current quiz
Next Quiz
Link to next quiz in quiz playlist
You Got
0%
They Got
Avg Score
41%
Avg Friend Score
Upgrade to see
Score Distribution
Jump to the score distribution portion of the page
Score
0/13
Timer
10:00
1
Play Today
% Correct
Seinfeld
72.2%
SpongeBob SquarePants
69.7%
The Simpsons
65.9%
My Little Pony: Friendship is Magic
64.9%
Futurama
64.5%
The Fairly Oddparents
44.1%
Dinosaurs
40.6%
Robot Chicken
24.5%
Chowder
23.9%
The Ren & Stimpy Show
21.5%
Clone High
20.8%
Team Fortress 2
13.4%
The Big O
6.4%
Quiz Playlist
Details
Report
Send in Message
Add To Playlist
More Info:
You better watch out. You better not cry. You better not pout because it's only a quiz.
Slideshow:
Type answers based on single images at one time
Last Updated: Aug 17, 2017
Quiz Scoreboard
CHALLENGE
Sign Up to Join the Scoreboard
Show All
Scores
Hide
Comments
May contain spoilers
Recently Published
An Introduction to Baseball
by treessimontrees
Sports
5m
Movies - When Are They Set?
by FPL_Elf
Movies
5m
Popular People in 1961
by mucciniale
History
6m
More to Explore
Quiz From the Vault
Featured Blog Post
Where Did the Easter Bunny Come From?
hide this ad
You Might Also Like...
Tags
The Simpsons Quiz
Chowder
Clone High
Friendship is Magic
futurama
My Little Pony
Robot Chicken
Seinfeld
SpongeBob
Team Fortress 2
The Fairly OddParents
Today's Top Quizzes in Holiday
Browse Holiday
hide this ad
Today's Top Quizzes in The Simpsons
Browse The Simpsons
Top Contributed Quizzes in Holiday
1
5-to-1: Holiday Songs
2
Easter - Did You Know?
3
5-to-1: Thanksgiving
4
Show What You Know: US Federal Holidays
5
Holidays Spelling Bee
6
Christmas Things
7
The Holiday Category, A to Z
8
In welcher Stadt stehen diese Sehenswürdigkeiten?
9
3-per Word Ladder: Listen Up!
10
Slices of Holidays
Explore More
Trending Topics
Disney
NBA
Kpop
Harry Potter
Marvel
Anime
Crossword
Puzzle
Country
The Office
Soccer
WWE
Pokémon
NFL
Song
hide this ad
More By:
Exodiafinder687
Quiz
Plays
Rating
Category
Featured
Created
Horror Movie Motives
79,484
4.62
Movies
Oct 26, 2015
Disney Reveal
59,309
4.41
Movies
Dec 27, 2022
European Flag Frenzy
55,626
4.85
Geography
Dec 11, 2019
Pictured Anagram Pairs
54,890
4.40
Language
Jul 27, 2015
Pixar Reveal
52,617
4.55
Movies
Jan 26, 2023
Go to Creator's Profile
Score Distribution
Quiz Creator Spotlight
Exodiafinder687
Follow
Send a Message
Quizzes Created
-
Created Quiz Play Count
-
More By This Creator
Popular Quizzes Today
1
Find the Countries of Europe - No Outlines Minefield
2
Find the US States - No Outlines Minefield
3
The Countries of the World
4
Popular People in 1961
5
Find the US States
6
US States
7
1-10 Letter E Words III
8
Risky Map Clicking: Biggest States A-Z
More Holiday Quizzes
Group Clicking: Holidays
Editor's Pick
Trending Quizzes
Risky Map Clicking: Least Populous States A-Z
1-10 Letter F Words
1-10 Letter G Words
Not Quite an Element Typing Challenge
One Thing in Common: United Kingdom
Recently Updated
Leaping Animals
pecheneg
Reality TV Shows (A-Z)
bhenderson79
Rickey Henderson's Hall of Fame Teammates
pecheneg
Champions League XIs: Arsenal
pecheneg
Quick Pick: Celebrities in WWE's Hall of Fame
aduchscher
A-Z Keypad Blitz II
pecheneg
Multiple Oscar Actors
pecheneg
Mystery Phrase Blitz: Oscar 'Best Actors'
pecheneg
F. Scott Fitzgerald Novels
LTH
Pick 3 Villains
ddd62291
Trending Topics
Anime
Crossword
Marvel
Kpop
Harry Potter
Disney
NBA
Soccer
Puzzle
Song
WWE
The Office
Pokémon
Country
NFL
Your Account Isn't Verified!
In order to create a playlist on Sporcle, you need to verify the email address you used during registration. Go to your
Sporcle Settings
to finish the process.
Report this User
Report this user for behavior that violates our
Community Guidelines
.
Details:
Send Report
Go to the Sporcle.com Mobile Site →
Comments